| 000 | 00861nam a22001817a 4500 | ||
|---|---|---|---|
| 999 |
_c57955 _d57955 |
||
| 003 | Ge_BSU | ||
| 005 | 20210407181949.0 | ||
| 008 | 210407s1968 ge ||||| |||| 00| 0 geo d | ||
| 041 | _ageo | ||
| 080 | _a616.21(075.8) ჩ-23 | ||
| 100 |
_aჩარგეიშვილი, ა. _911175 |
||
| 245 |
_aყურის, ცხვირისა და ყელის დაავადებანი / _c ა. ჩარგეიშვილი; რედაქტორი დ. სალუქვაძე. |
||
| 264 |
_aთბილისი: _b განათლება, _c1968. |
||
| 300 |
_a378 გვ.: _bილ., სურ.; _c22 სმ. |
||
| 653 | _aოტორინოლარინგოლოგია - დაავადებები | ||
| 700 |
_aსალუქვაძე, დ. _eრედაქტორი _93427 |
||
| 942 |
_2udc _cBK |
||